00225nam a2200085Ia 450000100070000000500170000700800410002424500640006526000100012964239920250826153526.0250824s9999 xx 000 0 und d 0aEce Yüce/Yüce Kim Biliyor musunuzcGülten Dayıoğlu bALTIN